| 000 | 00647cam a2200217 a 4500 | ||
|---|---|---|---|
| 020 | _a0764113658 | ||
| 040 | _cDLC | ||
| 082 | 0 | 0 | _a428 BAR 2000 A023 Or. |
| 100 | 1 | _aBromberg, Murray. | |
| 245 | 1 | 0 | _a1100 words you need to know / |
| 246 | 3 | _aEleven hundred words you need to know | |
| 246 | 1 | 4 | _aBarron's 1100 words you need to know |
| 250 | _a4th ed. | ||
| 260 |
_aHauppauge, NY : _bBarron's Educational Series, _cc2000. |
||
| 300 |
_aiv, 380 p. ; _c28 cm. |
||
| 500 | _aIncludes index. | ||
| 650 | 0 | _aVocabulary. | |
| 700 | 1 | _aGordon, Melvin. | |
| 856 | 4 | 2 | _uhttp://www.loc.gov/catdir/enhancements/fy0630/00030344-d.html |
| 942 | _cEK | ||
| 999 |
_c14003 _d14003 |
||